Rain World Trivia #1 - Statistics

General Stats
  • This quiz has been taken 127 times
  • The average score is 8 of 15
Answer Stats
Question Answer % Correct
What text shows when encountering a karma flower for the first time? "Here is a strange energy"
90%
True or false: Five Pebbles' music pearl can be found in the wild before the Rivulet campaign. False
77%
What three regions is Silent Construct a combination of? Five Pebbles, The Exterior, and Shaded Citadel
75%
Which iterator was Rivulet sent by? It is unknown
74%
Is it possible for a red lizard to be present in Survivor's campaign (without spawning it in yourself)? Yes
74%
Which region is not renamed in Saint's campaign? Submerged Superstructure
72%
True or false: Taking back a spear from a Garbage Worm aggravates it. False
69%
Which slugcat has the lowest mass in game? Spearmaster
61%
What factor determines who is the alpha in a yellow lizard pack? Dominance value
55%
Which of these echoes ISN'T Saint exclusive? Four Needles under Plentiful Leaves
53%
What are Squidcadas referred to in Expedition mode? Cicadas
48%
Which of these iterators is mentioned in the game to neighbor Five Pebbles? Unparalleled Innocence
35%
True or False: Gourmand can craft karma flowers. False
30%
How many cycles is Hunter given at the start of their campaign? 19
25%
Which Lizard species does not eat Blue Lizards? Red Lizards
11%
No matching quizzes found
Score Distribution
Percent of People with Each Score
Percentile by Number Answered
Your Score History
You have not taken this quiz